| 000 | 01248cam a2200301 a 4500 | ||
|---|---|---|---|
| 999 |
_c8835 _d8835 |
||
| 003 | OSt | ||
| 005 | 20210223171632.0 | ||
| 008 | 980526s1999 enka b 001 0 eng | ||
| 010 | _a 98024528 | ||
| 020 | _a041517242X | ||
| 043 | _ad------ | ||
| 050 | 0 | 0 |
_aHD7391 _b.H667 1999 |
| 082 | 0 | 0 |
_a363.5/8/091724 _221 |
| 245 | 0 | 0 |
_aHousing and finance in developing countries / _cedited by Kavita Datta and Gareth A. Jones. |
| 260 |
_aLondon ; _aNew York : _bRoutledge, _c1999. |
||
| 300 |
_axxiii, 270 p. : _bill. ; _c24 cm. |
||
| 440 | 0 |
_aRoutledge studies in development and society ; _v7 |
|
| 504 | _aIncludes bibliographical references (p. 247-263) and index. | ||
| 650 | 0 |
_aHousing _zDeveloping countries _xFinance _xCase studies. |
|
| 650 | 0 |
_aHousing policy _zDeveloping countries _xCase studies. |
|
| 700 | 1 |
_aDatta, Kavita, _d1966- |
|
| 700 | 1 |
_aJones, Gareth A., _d1964- |
|
| 856 | 7 |
_3Table of contents only _uhttp://lcweb.loc.gov/catdir/toc/98-24528.html _2http |
|
| 856 | 4 | 2 |
_3Publisher description _uhttp://www.loc.gov/catdir/enhancements/fy0649/98024528-d.html |
| 906 |
_a7 _bcbc _corignew _d1 _eocip _f19 _gy-gencatlg |
||
| 942 | _2ddc | ||